000
00369nam a2200133Ia 4500
008
100328s9999 xx 000 0 und d
082
_b
70945
100
_a
जावडेकर सुबोध
245
_a
आकांत
260
_b
मॅजेस्टिक प्रकाशन
630
_a
आकांत
730
_a
आकांत
942
_c
BOOK
999
_c
556670
_d
556667